Loading...
| Philosophy | 0 | 4 | 1 | 0 | 35 | 77 | 92.25 | 1 | 4 | 9.66 | 22.92 |
| Science - Chemistry | 0 | 4 | 1 | 1 | 35 | 55 | 81.25 | 1 | 3 | 13.75 | 28.13 |
| Science - Biology | 0 | 4 | 1 | 1 | 35 | 80 | 87.75 | 1 | 3 | 10.30 | 31.25 |
| History - World | 0 | 3 | 0 | 2 | 30 | 96 | 113.33 | 0 | 2 | 2.90 | 12.50 |
| Science - Other | 0 | 3 | 0 | 0 | 30 | 77 | 103.67 | 2 | 3 | 6.62 | 31.25 |
| Social Science | 0 | 2 | 0 | 1 | 20 | 73 | 96.50 | 0 | 2 | 3.38 | 12.50 |
| Fine Arts - Other | 0 | 2 | 0 | 0 | 20 | 81 | 87.00 | 1 | 2 | 7.34 | 15.63 |
| Literature - World | 0 | 2 | 0 | 0 | 20 | 109 | 119.50 | 0 | 2 | 3.93 | 15.63 |
| Mythology | 0 | 2 | 0 | 0 | 20 | 104 | 104.00 | 0 | 1 | 5.08 | 6.25 |
| Science - Physics | 0 | 3 | 2 | 1 | 20 | 48 | 92.33 | 1 | 3 | 10.16 | 25.00 |
| Fine Arts - Classical Music | 0 | 2 | 1 | 0 | 15 | 97 | 103.00 | 0 | 1 | 4.94 | 12.50 |
| History - Other | 0 | 1 | 0 | 0 | 10 | 124 | 124.00 | 0 | 0 | 0.00 | 3.13 |
| Popular Culture | 0 | 1 | 0 | 0 | 10 | 138 | 138.00 | 0 | 1 | 0.00 | 12.50 |
| Religion | 0 | 2 | 2 | 0 | 10 | 69 | 86.50 | 1 | 2 | 8.05 | 21.88 |
| History - American | 0 | 2 | 2 | 0 | 10 | 56 | 93.00 | 1 | 2 | 7.24 | 15.63 |
| Literature - American | 0 | 1 | 0 | 0 | 10 | 76 | 76.00 | 0 | 1 | 6.12 | 6.25 |
| History - European | 0 | 1 | 0 | 0 | 10 | 126 | 126.00 | 0 | 1 | 0.00 | 6.25 |
| Fine Arts - Painting and Sculpture | 0 | 1 | 1 | 0 | 5 | 87 | 87.00 | 0 | 1 | 4.07 | 9.38 |
| Other Academic | 0 | 0 | 1 | 0 | -5 | 0.00 | 0 | 0 | 0.00 | 0.00 |